Housing Energy Efficiency Best Practice Programme (Record no. 120218)

MARC details
000 -LEADER
fixed length control field 00700cam a2200157 4500
001 - CONTROL NUMBER
control field WS120457
008 - FIXED-LENGTH DATA ELEMENTS--GENERAL INFORMATION
fixed length control field 021114n 000 0 eng u
035 ## - SYSTEM CONTROL NUMBER
System control number (Sirsi) u120457
245 ## - TITLE STATEMENT
Title Housing Energy Efficiency Best Practice Programme
520 ## - SUMMARY, ETC.
Summary, etc. Web site for this energy efficiency programme which aims to introduce energy efficiency measures in the home to the highest standards. Includes details of events, publications and standards.
650 ## - SUBJECT ADDED ENTRY--TOPICAL TERM
Topical term or geographic name entry element HOUSING
650 ## - SUBJECT ADDED ENTRY--TOPICAL TERM
Topical term or geographic name entry element STANDARDS
690 ## - LOCAL SUBJECT ADDED ENTRY--TOPICAL TERM (OCLC, RLIN)
Topical term or geographic name as entry element ENVIRONMENTAL AND LAND CONSULTANCY-ENERGY-ENERGY USE-ENERGY EFFICIENCY
856 40 - ELECTRONIC LOCATION AND ACCESS
Uniform Resource Identifier <a href="https://www.housingenergy.org.uk">https://www.housingenergy.org.uk</a>
Public note View the website free of charge at www.housingenergy.org.uk...
942 ## - ADDED ENTRY ELEMENTS (KOHA)
Suppress in OPAC 0
Holdings
Withdrawn status Lost status Source of classification or shelving scheme Damaged status Not for loan Home library Current library Shelving location Date acquired Total Checkouts Full call number Barcode Date last seen Copy number Price effective from Koha item type
    Dewey Decimal Classification     Virtual Virtual Online 14/11/2002   WEB SITE 120457-2001 06/08/2019 1 06/08/2019 Online material